MALAYSIAN economy: selected issues and policy directions

Bibliographic Details
Other Authors: Ismail Muhd. Salleh, Vijayakumari Kanapathy
Format: Book
Published: Kuala Lumpur : ISIS , 1994
Subjects:

MARC

LEADER 00000cam a2200000 7i4500
001 0000000284
005 20000727.0
020 0 0 |a 9679471691 
090 0 0 |a 338.9595   |b MAL 1994 
245 0 0 |a MALAYSIAN economy: selected issues and policy directions   |c edited by Vijayakumari Kanapathy and Ismail Muhd Salleh 
260 0 0 |a Kuala Lumpur :   |b ISIS ,   |c 1994 
300 |a ii, 370 p. ;   |c 23 cm. 
500 0 0 |a Includes bibliographical references 
650 0 0 |a Industrialization   |z Malaysia 
650 0 0 |a Privatization   |z Malaysia 
651 0 0 |a Malaysia   |x Economic conditions   |y 20th century 
651 0 0 |a Malaysia   |x Economic policy 
700 0 1 |a Ismail Muhd. Salleh 
700 0 1 |a Vijayakumari Kanapathy 
999 |a 0000001389   |b Monograph   |c Open Shelf   |e Default branch